Professional ASP.NET 2.0 XML /
Đã lưu trong:
| Príomhúdar: | |
|---|---|
| Formáid: | Sách giấy |
| Foilsithe: |
Indianapolis, Ind. :
Wiley,
c2006.
|
| Ábhair: | |
| Rochtain Ar Líne: | Table of contents only Contributor biographical information Publisher description |
| Clibeanna: |
Cuir Clib Leis
Gan Chlibeanna, Bí ar an gcéad duine leis an taifead seo a chlibeáil!
|
| Thư viện lưu trữ: | Thư viện Trường Đại học Đà Lạt |
|---|
| LEADER | 01417nam a2200445 4500 | ||
|---|---|---|---|
| 001 | DLU110127012 | ||
| 005 | ##20111024 | ||
| 008 | ##060713s2006 inua 001 0 eng d | ||
| 010 | # | # | |a 2006278234 |
| 015 | # | # | |a GBA575442 |2 bnb |
| 016 | # | # | |a 013287737 |2 Uk |
| 020 | # | # | |a 0764596772 (pbk.) |
| 020 | # | # | |a 9780764596773 (pbk.) |
| 035 | # | # | |a (OCoLC)ocm61477907 |
| 040 | # | # | |a UKM |c UKM |d BAKER |d WAU |d DLC |
| 042 | # | # | |a lccopycat |
| 082 | # | # | |a 005.276 |b TH-T |
| 100 | # | # | |a Thangarathinam, Thiru. |
| 245 | # | # | |a Professional ASP.NET 2.0 XML / |c Thiru Thangarathinam. |
| 260 | # | # | |a Indianapolis, Ind. : |b Wiley, |c c2006. |
| 300 | # | # | |a xxiii, 566 p. : |b ill. ; |c 30 cm. |
| 500 | # | # | |a Includes index. |
| 630 | # | # | |a Active server pages. |
| 650 | # | # | |a Microsoft .NET. |
| 650 | # | # | |a Web sites |x Design. |
| 650 | # | # | |a XML (Document markup language) |
| 856 | # | # | |3 Table of contents only |u http://www.loc.gov/catdir/enhancements/fy0740/2006278234-t.html |
| 856 | # | # | |3 Contributor biographical information |u http://www.loc.gov/catdir/enhancements/fy0740/2006278234-b.html |
| 856 | # | # | |3 Publisher description |u http://www.loc.gov/catdir/enhancements/fy0647/2006278234-d.html |
| 923 | # | # | |a 01/2011CT |
| 991 | # | # | |a GT |
| 992 | # | # | |a 0 |
| 994 | # | # | |a KCT |
| 900 | # | # | |a True |
| 911 | # | # | |a Đào Thị Thu Huyền |
| 925 | # | # | |a G |
| 926 | # | # | |a A |
| 927 | # | # | |a SH |
| 980 | # | # | |a Thư viện Trường Đại học Đà Lạt |


